Transition-Metal-Free Reductions of Aliphatic Nitro Compounds to Amines

Gespeichert in:
Bibliographische Detailangaben
1. Verfasser: Ratajová, Lea (Verfasst von)
Weitere Verfasser: Jakubec, Pavol (Betreuung Doktorarbeit)
Format: Manuskript Buch
Sprache:Slowakisch
Englisch
Veröffentlicht: 2025
Schlagworte:
Online-Zugang:http://is.stuba.sk/zp/portal_zp.pl?podrobnosti=183362
Tags: Tag hinzufügen
Keine Tags, Fügen Sie das erste Tag hinzu!

MARC

LEADER 00000ntm a22000003a 4500
001 stuzp105259
003 SK-STU
005 20250607211404.3
007 ta
008 150427s2015----xo-----f-mn---000-0-slo-d
040 |a STU  |b slo 
041 0 |a eng 
100 1 |a Ratajová, Lea  |u 048140  |4 aut  |U FCHPT Ústav organickej chémie, katalýzy a petrochémie  |T FCHPT Oddelenie organickej chémie  |X 110596  |U C8140  |Y 124  |7 110596 
242 0 1 |a Redukcia alifatických nitrozlúčenín na amíny bez použitia tranzitného kovu  |y slo 
245 1 0 |a Transition-Metal-Free Reductions of Aliphatic Nitro Compounds to Amines 
260 |c 2025 
650 4 |a amines  |2 eng 
650 4 |a tertiary nitro compounds  |2 eng 
650 4 |a supersilane  |2 eng 
650 4 |a reductions  |2 eng 
650 4 |a photochemistry  |2 eng 
650 4 |a supersilán  |2 slo 
650 4 |a amíny  |2 slo 
650 4 |a fotochémia  |2 slo 
650 4 |a terciárne nitrozlúčeniny  |2 slo 
650 4 |a redukcie  |2 slo 
700 1 |a Jakubec, Pavol  |u 048140  |k Z1  |4 ths  |U FCHPT Ústav organickej chémie, katalýzy a petrochémie  |T FCHPT Oddelenie organickej chémie  |X 4023  |U C8140  |Y 124  |7 A000004023 
856 4 |u http://is.stuba.sk/zp/portal_zp.pl?podrobnosti=183362